000 00829nam a2200229Ii 4500
003 JO-AjNU
008 230605s9999||||xx |||||||||||||| ||und||
017 _a2009/6/2317
020 _a978-9957-499-79-2
040 _aJO-AjNU
_bara
_erda
_cJO-AjNU
041 _aara
050 1 4 _aHF5549 .R52 2010
100 3 _aرضا،هاشم حمدي,
_eauthor
_929390
245 0 0 _aتنمية مهارات الاتصال والقيادة الادارية
250 _aط1
264 3 1 _aعمان:دار الراية للنشر والتوزيع؛2009
300 _a167ص
_bيحتوي على ببلوغرافية من ص163-167ص
336 _atext
_btxt
_2rdacontent
337 _aunmediated
_bn
_2rdamedia
338 _avolume
_bnc
_2rdacarrier
650 4 _aالقيادة الإدارية -الاتصالات الادارية
_929391
999 _aA11522
_c15090
_d15090